Movie Cast Match (2010) Quiz Stats

Quiz Updated Jan 10, 2015

Challenge
Share
Tweet
Embed
Score 0/40 Timer 08:00
1 Play Today
% Correct
Harry Potter and the Deathly Hallows: Part 1
94.8%
The Twilight Saga: Eclipse
94%
Shrek Forever After
92.6%
Sex and the City 2
92.6%
Toy Story 3
92.1%
Black Swan
91.3%
The Karate Kid
90.5%
Little Fockers
90.3%
Iron Man 2
89.8%
Despicable Me
87.9%
The Social Network
87.8%
Grown Ups
85.6%
The King's Speech
85.4%
Alice in Wonderland
85.3%
Burlesque
84.3%
Inception
83.5%
The Expendables
83.4%
Get Him to the Greek
82%
Easy A
80.5%
Salt
78.7%
% Correct
Wall Street: Money Never Sleeps
78.7%
Eat Pray Love
78%
Knight and Day
77.8%
Shutter Island
77.7%
127 Hours
77.3%
Date Night
76.8%
The Book of Eli
76.7%
Scott Pilgrim vs. the World
76.7%
The Other Guys
75.5%
The Fighter
75.2%
True Grit
74.4%
Dinner for Schmucks
74%
Dear John
73.6%
Resident Evil: Afterlife
73%
Red
71.4%
The Tourist
71%
Machete
70.3%
The Bounty Hunter
70.3%
The Town
67.5%
Due Date
66.6%

You're not logged in!

Compare scores with friends on all Sporcle quizzes.
Join for Free
OR
Log In

You Might Also Like...

Show Comments

Extras

Top Quizzes Today


Score Distribution

Your Account Isn't Verified!

In order to create a playlist on Sporcle, you need to verify the email address you used during registration. Go to your Sporcle Settings to finish the process.

Report this User

Report this user for behavior that violates our Community Guidelines.

Details: